National Road Fund Agency :annual report 2006 (Record no. 78721)

MARC details
000 -LEADER
fixed length control field 00714nam a2200145 a 4500
008 - FIXED-LENGTH DATA ELEMENTS--GENERAL INFORMATION
fixed length control field 090518s2006 ||||||||||||||||| || u
050 ## - LIBRARY OF CONGRESS CALL NUMBER
Classification number ZAM.PER-NRFA(058)
110 ## - MAIN ENTRY--CORPORATE NAME
Corporate name or jurisdiction name as entry element Zambia National Road Fund Agency (NRFA)
245 10 - TITLE STATEMENT
Title National Road Fund Agency :annual report 2006
260 ## - PUBLICATION, DISTRIBUTION, ETC.
Place of publication, distribution, etc. Lusaka
Name of publisher, distributor, etc. Zambia National Road Fund Agency
Date of publication, distribution, etc. 2006
300 ## - PHYSICAL DESCRIPTION
Extent 64p. ;ill
350 ## -
-- 0.00
995 ## -
-- SPECIAL COLLECTIONS
-- 0.00
-- 03003996
-- CBU-MAIN LIBRARY (Kitwe)
-- 1
-- 0.00
-- ZAM.PER-NRFA(058)A5/06B
-- 1
-- AVAILABLE
-- May 19, 2009
-- Z03003996
-- Zambiana Collection
995 ## -
-- SPECIAL COLLECTIONS
-- 0.00
-- 03003995
-- CBU-MAIN LIBRARY (Kitwe)
-- 1
-- 0.00
-- ZAM.PER-NRFA(058)A5/06A
-- 1
-- AVAILABLE
-- May 19, 2009
-- Z03003995
-- Zambiana Collection
999 ## -
-- 78721
-- 78721
Holdings
Withdrawn status Lost status Source of classification or shelving scheme Damaged status Not for loan Permanent Location Current Location Shelving location Date acquired Total Checkouts Full call number Barcode Date last seen Copy number Price effective from Koha item type
          CBU-MAIN LIBRARY, KITWE. CBU-MAIN LIBRARY, KITWE.   06/06/2023   ZAM.PER-NRFA(058)A5/06B Z03003996 06/06/2023 1 06/06/2023 SPECIAL COLLECTION
          CBU-MAIN LIBRARY, KITWE. CBU-MAIN LIBRARY, KITWE.   06/06/2023   ZAM.PER-NRFA(058)A5/06A Z03003995 06/06/2023 2 06/06/2023 SPECIAL COLLECTION